| 000 | 01224nam a22003017a 4500 | ||
|---|---|---|---|
| 003 | EG-ScBUE | ||
| 005 | 20211123101732.0 | ||
| 008 | 090728s2003 ua f 000 1 ara d | ||
| 017 | _a2003 / 16494 | ||
| 020 | _a9770188638 | ||
| 040 |
_aEG-ScBUE _bara _erda _cEG-ScBUE _dEG-ScBUE |
||
| 041 | 1 |
_aara _heng |
|
| 082 | 0 | 4 |
_a823.5 _bد ي ف _222 |
| 100 | 1 |
_98266 _aديفو، دانييل، _d1660-1731، _eمؤلف. |
|
| 245 | 1 | 0 |
_aروبنسون كروزو / _cتأليف دانييل ديفو ؛ ترجمة مختار السويفي ؛ مراجعة صبري الفضل. |
| 264 | 1 |
_aالقاهرة : _bالهيئة المصرية العامة للكتاب، _c2003. |
|
| 300 |
_a195 صفحة ؛ _c17 سم. |
||
| 336 |
_2rdacontent _aنص _btxt |
||
| 337 |
_2rdamedia _aبدون وسيط _bn |
||
| 338 |
_2rdacarrier _aمجلد _bnc |
||
| 490 | 0 |
_aمكتبة الأسرة. _aروائع الأدب العالمي للناشئين |
|
| 546 | _aالنص باللغة العربية وتم ترجمته من اللغة الإنجليزية. | ||
| 650 | 7 |
_98223 _aالقصص الإنجليزية _yقرن 17. _2BUEsh |
|
| 651 | _2BUEsh | ||
| 653 |
_bHHUUEENN _cNovember2021 |
||
| 655 |
_vReading book _934232 |
||
| 942 |
_2ddc _cBB |
||
| 999 |
_c12482 _d12482 |
||